000 00797nam a22002417a 4500
003 OSt
005 20240924071527.0
008 240924b |||||||| |||| 00| 0 eng d
020 _a9789710445301
040 _aDWCL-main lib.
_cOC
082 _aFil. 330 L437f 2008
100 _aLEAÑO, ROMAN D., JR.
245 _aFundamentals of economics with agrarian reform, taxation and cooperatives : a modern approach /
_cRoman D., Jr. Leaño, Ronald M. Corpuz
260 _aManila :
_bMindshapers Co., Inc.,
_cc2008
300 _aiv, 300 pages :
_billustrations ;
_c25 cm.
504 _aIncludes bibliographical references.
650 _aEconomics
650 _aCARP
650 _aTaxation
650 _aCooperatives
700 _aCorpuz, Ronald M.
942 _2ddc
_cBK - FIL
_kFil. 330 L437f 2008
_n1
999 _c3090
_d3090